Catálogo
 En Linea

Técnicas del bibliotecario / (Registro nro. 25454)

Detalles MARC
000 -CABECERA
campo de control de longitud fija 01068nam a2200277 a 4500
001 - NÚMERO DE CONTROL
campo de control 000025962
005 - FECHA Y HORA DE LA ÚLTIMA TRANSACCIÓN
campo de control 20240508203146.0
008 - DATOS DE LONGITUD FIJA--INFORMACIÓN GENERAL
campo de control de longitud fija 110217s1973 mx a r 000 | spa d
040 ## - FUENTE DE LA CATALOGACIÓN
Centro catalogador/agencia de origen DO-SdBNP
Lengua de catalogación spa
Centro/agencia transcriptor BNPHU
041 ## - CÓDIGO DE LENGUA
Código de lengua del texto/banda sonora o título independiente spa
Código de lengua original eng
Fuente del código Código de idioma MARC
082 ## - NÚMERO DE LA CLASIFICACIÓN DECIMAL DEWEY
Número de clasificación 020
Número de documento/Ítem T255b
049 ## - FONDOS LOCALES (OCLC)
Fondos de biblioteca BNGR
240 #0 - TÍTULO UNIFORME
Título uniforme The library, an introduction for library assistants
Lenguaje de la obra Español
245 10 - MENCIÓN DE TÍTULO
Título Técnicas del bibliotecario /
Mención de responsabilidad, etc. compilación William C. Petru, Martha W. West ; tradución Orlando Espinosa de los Monteros.
260 ## - PUBLICACIÓN, DISTRIBUCIÓN, ETC.
Lugar de publicación, distribución, etc. México, D. F. :
Nombre del editor, distribuidor, etc. Centro Regional de Ayuda Técnica,
Fecha de publicación, distribución, etc. 1973.
300 ## - DESCRIPCIÓN FÍSICA
Extensión 126 p. :
Otras características físicas il. ;
Dimensiones 23 cm.
500 ## - NOTA GENERAL
Nota general Incluye glosario
500 ## - NOTA GENERAL
Nota general Bibliografía : p. 120-121
500 ## - NOTA GENERAL
Nota general Incluye índice alfabético : p. 123-126
534 ## - NOTA SOBRE LA VERSIÓN ORIGINAL
Encabezamiento principal del original Título original :
Mención de título del original The library, an introduction for library assistants
650 #4 - PUNTO DE ACCESO ADICIONAL DE MATERIA--TÉRMINO DE MATERIA
Término de materia o nombre geográfico como elemento de entrada Bibliotecología
9 (RLIN) 52843
650 #0 - PUNTO DE ACCESO ADICIONAL DE MATERIA--TÉRMINO DE MATERIA
Término de materia o nombre geográfico como elemento de entrada Tecnología
9 (RLIN) 25821
700 1# - PUNTO DE ACCESO ADICIONAL--NOMBRE DE PERSONA
Nombre de persona Petru, William C.,
9 (RLIN) 52844
700 1# - PUNTO DE ACCESO ADICIONAL--NOMBRE DE PERSONA
Nombre de persona West, Martha W.,
9 (RLIN) 52845
700 1# - PUNTO DE ACCESO ADICIONAL--NOMBRE DE PERSONA
Nombre de persona Espinosa de los Monteros, Orlando,
Término indicativo de función/relación tr.
9 (RLIN) 52846
Existencias
Estado de retiro Estado de pérdida Restricciones de uso No para préstamo Código de colección Localización permanente Ubicación/localización actual Ubicación en estantería Fecha de adquisición Número de inventario Total de préstamos Signatura topográfica completa Código de barras Fecha visto por última vez Precio válido a partir de Tipo de ítem Koha
      Excluido de préstamo Monografías: Libros y Folletos General General En catalogación 24.02.2011 LF1   020 T255b 25962-10 25.06.2020 25.06.2020 No se presta

Con tecnología Koha